Marvel - Fiche personnage: Hulk - Statistiques

Statistiques générales
  • Ce quiz a été pris 35 fois
  • Le résultat moyen est 17 sur 27
Statistiques - réponses
Hint Réponse % Correct
2012 Avengers
90%
Nom civil Bruce Banner
90%
"Le soleil va bientôt se... Coucher."
90%
Qu'est-ce qui provoque sa transformation ? La colère
90%
2008 L'Incroyable Hulk
86%
Avengers Loki
86%
Avengers (3) Thanos
86%
Grâce à quels types de rayons est-il devenu Hulk ? Aux rayons gammas
83%
2017 Thor : Ragnarok
83%
Avengers (2) Ultron
83%
2019 Avengers : Endgame
79%
2018 Avengers : Infinity War
79%
2022 She-Hulk : Avocate
79%
Nationalité Américain
76%
2015 Avengers : L'Ère d'Ultron
72%
Acteur Mark Ruffalo
72%
Thor (3) Hela
62%
Hulk (1) Abomination
59%
Acteur Edward Norton
55%
2019 (Scène post-générique) Captain Marvel
45%
2013 (Scène post-générique) Iron Man 3
45%
Ex petite-amie Natasha Romanoff
45%
2021 (Scène post-générique) Shang-Chi et la Légende des dix anneaux
34%
Ex petite-amie et ancienne collègue Betty Ross
31%
Fils Skaar
24%
Nom complet Robert Bruce Banner
10%
Date de naissance 18 décembre 1969
0%
Aucun quiz correspondant
Distribution des résultats
% des personnes avec chaque résultat
Percentile par nombre de réponses
Votre historique - résultats
Vous n’avez pas pris ce quiz